000 00973cad a22002535a 4500
001 E151811
008 101213s2010 xxk f 100 0 eng d
020 _a9781842196199
035 _a(Sirsi) u151811
041 0 _aeng
100 1 _aHore, Alan
111 2 _aConstruction and Building Research Conference
_cDauphine Universite, Paris
_d2-3 September 2010
245 0 0 _aFinding a middleware ICT solution for the Irish construction SME sector
_h[electronic resource]
260 _aLondon
_bRICS
_c2010
520 _aA paper presented at the COBRA Conference in Paris on 2-3 September 2010.
590 _aKA
650 2 4 _aCONSTRUCTION AND BUILDING RESEARCH CONFERENCE (COBRA)
651 4 _aIreland (Republic of)
_y
690 _aMANAGEMENT-BUSINESS MANAGEMENT-INFORMATION MANAGEMENT
700 1 _aRedmond, Alan
700 1 _aWest, Roger
856 4 0 _uhttps://www.rics.org/uk/knowledge/library/library-enquiry-service/
_zBroken link - not available
942 _n0
999 _c111639
_d111639